000 00677nam a2200205 4500
001 124049
003 ES-MaACL
005 20231220202825.0
007 t|
008 070214s1905 sp r ||||1| spa d
100 1 _aRamón y Cajal, Santiago,
_d1852-1934
_9226468
245 1 0 _aManual de anatomía patológica general y fundamentos de bacteriología /
_cpor S. Ramón y Cajal.
250 _a4ª ed., corr. y aum.
260 _aMadrid :
_b[s. n.],
_c1905 (
_fImp. de Nicolás Moya)
300 _a560 p. :
_bil. ;
_c25 cm.
650 4 _aAnatomía patológica.
_99806
650 4 _aBacteriología médica.
_9165460
852 _aES-MaACL
_jB-11358
999 _c124049
_d124049